KUTTIEDATHI AND OTHER STORIES (Record no. 20581)

MARC details
000 -LEADER
fixed length control field 00370nam a2200145Ia 4500
005 - DATE AND TIME OF LATEST TRANSACTION
control field 20250409181440.0
008 - FIXED-LENGTH DATA ELEMENTS--GENERAL INFORMATION
fixed length control field 250409s9999||||xx |||||||||||||| ||und||
020 ## - INTERNATIONAL STANDARD BOOK NUMBER
International Standard Book Number 978-81-250-2597-9
100 ## - MAIN ENTRY--PERSONAL NAME
Personal name VASUDEVAN NAIR M T
245 #0 - TITLE STATEMENT
Title KUTTIEDATHI AND OTHER STORIES
260 ## - PUBLICATION, DISTRIBUTION, ETC.
Name of publisher, distributor, etc. ORIENT BLACK SWAN
Place of publication, distribution, etc. HYDERABAD
300 ## - PHYSICAL DESCRIPTION
Extent 192
650 ## - SUBJECT ADDED ENTRY--TOPICAL TERM
Form subdivision English Fiction
942 ## - ADDED ENTRY ELEMENTS (KOHA)
Koha item type BOOK
Holdings
Withdrawn status Lost status Damaged status Not for loan Collection Home library Current library Shelving location Date acquired Total checkouts Total renewals Full call number Barcode Date last seen Date last checked out Price effective from Koha item type
        English Fiction St.Dominics College Library St.Dominics College Library English Literature 04/09/2025 1 1 823 VAS 29647 01/22/2026 11/28/2025 04/09/2025 BOOK